[Event "TCh-AUT 2 West 2012-13"]
[Site "Salzburg AUT"]
[Date "2013.03.08"]
[Round "9.5"]
[White "Hoellrigl,W"]
[Black "Poettinger,H"]
[Result "0-1"]
[WhiteElo "2199"]
[BlackElo "2238"]

1.e4 d6 2.d4 Nf6 3.Nc3 e5 4.Nf3 Nbd7 5.Bc4 Be7 6.O-O O-O 7.Re1 c6 8.a4 h6
9.Ba2 Re8 10.Nh4 exd4 11.Qxd4 d5 12.Nf5 Bc5 13.Qd1 Ne5 14.Bf4 Bxf5 15.exf5 Bd6
16.Bxe5 Bxe5 17.Qf3 Qa5 18.g4 Qb4 19.h3 Qxb2 20.Ne2 Qxc2 21.Bb3 Qe4 22.Qxe4 Nxe4
23.Rad1 Bc3 24.Nxc3 Nxc3 25.Rxe8+ Rxe8 26.Rd3 Re1+ 27.Kg2 Ne4 28.f3 Nc5 29.Rc3 Nxb3
30.Rxb3 Re7 31.a5 Kf8 32.Kg3 f6 33.Kf4 Ke8 34.h4 Kf7 35.g5 hxg5+ 36.hxg5 fxg5+
37.Kxg5 d4 38.f4 Rd7  0-1

[Event "47th Begonia Open"]
[Site "Ballarat AUS"]
[Date "2013.03.09"]
[Round "1"]
[White "Li,Zuhao Luke"]
[Black "Humphreys,Scott"]
[Result "1-0"]
[WhiteElo "2285"]
[BlackElo "1663"]

1.d4 d6 2.e4 Nf6 3.Nc3 c6 4.h3 e5 5.Nf3 Nbd7 6.a4 Be7 7.Bc4 O-O 8.O-O Nxe4
9.Nxe4 d5 10.Nxe5 Nxe5 11.dxe5 dxc4 12.Qh5 Qd4 13.Re1 g6 14.Qf3 Qxe5 15.Bh6 Re8
16.Nf6+ Bxf6 17.Qxf6  1-0

[Event "11th Meurthe Festival"]
[Site "Nancy FRA"]
[Date "2013.03.09"]
[Round "3.4"]
[White "Guliyev,N"]
[Black "Mensch,E"]
[Result "1-0"]
[WhiteElo "2551"]
[BlackElo "2369"]

1.e4 d6 2.d4 Nf6 3.Nc3 Nbd7 4.Nge2 e5 5.g3 c6 6.Bg2 b5 7.a3 Bb7 8.O-O a5
9.Re1 Be7 10.b3 O-O 11.Bb2 Re8 12.h3 h5 13.Kh2 Qc7 14.Qd2 Nf8 15.f4 h4 16.g4 b4
17.Nd1 c5 18.d5 exf4 19.Nxf4 N6d7 20.axb4 Bg5 21.Rf1 Ng6 22.Qc3 Nde5 23.Nxg6 axb4
24.Rxa8 Bxa8 25.Qe1 Nxg6 26.Qf2 Bb7 27.Qf5 Qe7 28.Qf3 Ba6 29.Rf2 Ne5 30.Bxe5 Qxe5+
31.Kh1 f6 32.Qf5 Qxf5 33.gxf5 Rc8 34.Nb2 Be3 35.Rf3 Bd4 36.Nd3 Bxd3 37.Rxd3 Ra8
38.Bf3 Ra1+ 39.Bd1 Kh7 40.Kg2 g5 41.fxg6+ Kxg6 42.Rd2 Bc3 43.Rd3 Bd4 44.Kf3 Kg5
45.Rd2 Bc3 46.Rg2+ Kh6 47.Be2 Be5 48.Kg4 Bg3 49.Kf5 Kg7 50.Bg4 Ra8 51.Bh5 Rh8
52.Be2 Re8 53.Bd3 Re5+ 54.Kg4 Re8 55.Rg1 Ra8 56.Kf5 Ra7 57.Ke6 Ra8 58.e5 dxe5
59.d6 e4 60.Bb5 Kg6 61.d7 f5 62.Bc6 Rh8 63.Rf1 e3 64.Bb5 f4 65.Be2 Kg5 66.Bf3 Rb8  1-0

[Event "TCh-NED Meesterklasse 2012-13"]
[Site "Netherland NED"]
[Date "2013.03.09"]
[Round "7.1"]
[White "Bok,B"]
[Black "Kunin,V"]
[Result "0-1"]
[WhiteElo "2525"]
[BlackElo "2511"]

1.e4 d6 2.d4 Nf6 3.Nc3 e5 4.Nf3 Nbd7 5.Bc4 Be7 6.O-O O-O 7.Re1 c6 8.a4 Qc7
9.h3 h6 10.b3 Re8 11.Bb2 Nf8 12.Bd3 Ng6 13.Ne2 Nh7 14.Ng3 Ng5 15.Nf5 Nxf3+
16.Qxf3 Bg5 17.Bf1 Nh4 18.Nxh4 Bxh4 19.c4 Bf6 20.d5 c5 21.a5 Bd7 22.Bc3 b5
23.cxb5 Reb8 24.b4 Bxb5 25.bxc5 dxc5 26.Rec1 Bxf1 27.Kxf1 Rb5 28.Qe2 Rab8
29.Qc4 Be7 30.g3 Bd6 31.Kg2 Qd7 32.Qd3 Rb3 33.Ra2 f6 34.Rac2 Qb5 35.Qd1 Qd7
36.Qh5 Rf8 37.Bd2 f5 38.exf5 Rxf5 39.Qg4 Qf7 40.Bxh6 Rb4 41.f4 exf4 42.Bxf4 Bxf4
43.gxf4 Rbxf4 44.Qe2 Qxd5+ 45.Kh2 Re4 46.Qg2 Rg5 47.Qf1 Qd6+ 48.Kh1 Rf4 49.Qd1 Qc6+
50.Kh2 Qc7 51.Kh1 Rh4 52.Rc3 Qc6+  0-1

[Event "TCh-AUT 2 West 2012-13"]
[Site "Salzburg AUT"]
[Date "2013.03.09"]
[Round "10.5"]
[White "Steinbacher,T"]
[Black "Poettinger,H"]
[Result "1-0"]
[WhiteElo "2072"]
[BlackElo "2238"]

1.d4 d6 2.e4 Nf6 3.Nc3 e5 4.dxe5 dxe5 5.Qxd8+ Kxd8 6.Nf3 Bd6 7.Bg5 Be6 8.O-O-O Nd7
9.Nd2 Nb6 10.f4 exf4 11.Nf3 Kc8 12.e5 h6 13.Bxf6  1-0

[Event "Karpos Open 2013"]
[Site "Skopje MKD"]
[Date "2013.03.09"]
[Round "1.42"]
[White "Stojanovski,St"]
[Black "Tratar,M"]
[Result "0-1"]
[WhiteElo "1989"]
[BlackElo "2512"]

1.e4 d6 2.d4 Nf6 3.Nc3 e5 4.Nf3 Nbd7 5.Bc4 Be7 6.O-O O-O 7.Bg5 c6 8.Qd2 b5
9.Bd3 h6 10.Bh4 Bb7 11.Bg3 Nh5 12.Ne2 Re8 13.Rad1 Qb6 14.c3 Rad8 15.Kh1 Nxg3+
16.Nxg3 Bf8 17.Bc2 Nf6 18.Nh4 exd4 19.cxd4 c5 20.d5 g6 21.f4 Bg7 22.Nf3 c4
23.f5 Ng4 24.Rde1 Rc8 25.h3 Ne5 26.fxg6 fxg6 27.Nxe5 Rxe5 28.Ne2 Ree8 29.Nf4 Qd4
30.Qe2 Qxb2 31.Nxg6 Bxd5 32.Qf2 Be6 33.Nf4 Qd4 34.Qg3 Qe5 35.Bd1 Rc7 36.Qg6 Bf7
37.Qg4 Qg5 38.Qf3 c3 39.Rf2 Bd4 40.Rfe2 Bc4 41.Rc2 Rf8 42.g3 Rg7 43.Rg2 Rxf4
44.gxf4 Qxg2+ 45.Qxg2 Rxg2 46.Kxg2 Bxa2 47.e5 dxe5 48.fxe5 Kf8 49.Kf3 Bd5+
50.Kf4 b4 51.e6 Ke7 52.Re4 Bc5 53.Ke5 Ba2 54.Rg4 Bd6+ 55.Kf5 Bb1+ 56.Re4 c2  0-1

[Event "Karpos Open 2013"]
[Site "Skopje MKD"]
[Date "2013.03.09"]
[Round "1.6"]
[White "Glavinac,G"]
[Black "Ivanisevic,I"]
[Result "0-1"]
[WhiteElo "2159"]
[BlackElo "2644"]

1.d4 d6 2.e4 Nf6 3.Nc3 e5 4.dxe5 dxe5 5.Qxd8+ Kxd8 6.Nf3 Bd6 7.Bc4 Ke7 8.Nd5+ Nxd5
9.Bxd5 h6 10.O-O Nd7 11.Bc4 a5 12.a4 Nc5 13.Re1 Bg4 14.Nd2 Rhd8 15.Nf1 Be6
16.Bxe6 Kxe6 17.Bd2 c6 18.f3 Bc7 19.Be3 Na6 20.c3 Bd6 21.Kf2 Nc5 22.Bxc5 Bxc5+
23.Ke2 Bg1 24.Red1 g6 25.g4 Bb6 26.Ne3 h5 27.Rxd8 Rxd8 28.g5 h4 29.Nc4 Bc7
30.b4 axb4 31.cxb4 Rd4 32.Rc1 Bd8 33.b5 cxb5 34.axb5 Bxg5 35.Rc2 h3 36.Na5 Bf4
37.Nxb7 Bxh2 38.Nc5+ Ke7 39.Nd3 Bg1 40.Nf2 h2 41.Nh1 Rb4 42.Kf1 Be3 43.Kg2 Bf4
44.Rf2 f5 45.exf5 gxf5 46.Rf1 Rb2+ 47.Kh3 Kd6 48.Ng3 Bxg3 49.Kxg3 f4+ 50.Kh3 Kc5
51.Re1 Kb6  0-1

[Event "Karpos Open 2013"]
[Site "Skopje MKD"]
[Date "2013.03.09"]
[Round "1.44"]
[White "Nikolovski,Nikola"]
[Black "Indjic,A"]
[Result "0-1"]
[WhiteElo "1965"]
[BlackElo "2502"]

1.e4 d6 2.d4 Nf6 3.Nc3 e5 4.dxe5 dxe5 5.Qxd8+ Kxd8 6.Bg5 c6 7.O-O-O+ Nd7
8.Bc4 Ke8 9.a4 a5 10.f3 Bc5 11.Nge2 h6 12.Bd2 Nf8 13.Na2 Be6 14.Bxe6 Nxe6
15.c3 Nd7 16.Kc2 g6 17.Nac1 Ke7 18.Nd3 Bb6 19.b3 h5 20.h4 Bc7 21.Be3 f5 22.Bf2 fxe4
23.fxe4 Nf6 24.Ng3 Ng4 25.Rhf1 Rad8 26.Bg1 Rd7 27.Nc5 Rxd1 28.Rxd1 Nxc5 29.Bxc5+ Ke6
30.Nf1 Rg8 31.Nd2 g5 32.hxg5 Rxg5 33.Nf3 Rg8 34.Rd2 Nf6 35.Re2 Rg4 36.Kd3 h4
37.Bf2 Nh5 38.Be3 Bd8 39.Bd2 Rg3 40.Rf2 Nf6 41.Be1 Rg4 42.Re2 Nh5 43.Bd2 Be7
44.b4 axb4 45.cxb4 Bxb4 46.Ng5+ Kd7 47.Nf7 Rg3+ 48.Kc4 Bd6 49.Be1 Rg4 50.Nh6 Rf4
51.Nf5 Nf6 52.Kd3 Nxe4 53.Rxe4 Rxf5 54.Rxh4 Ke6 55.Ke4 Be7 56.Rh6+ Bf6 57.Bd2 Rf2
58.Bg5 Kf7 59.Bxf6 Rxf6 60.Rh7+ Ke6 61.g3 Rg6 62.Rxb7 Rxg3 63.Ra7 Kd6 64.Ra5 Rg4+
65.Kd3 Rh4 66.Ke3 Rd4 67.Ra8 Kd5 68.a5 Ra4 69.a6 Ra3+ 70.Kd2 Kd4 71.a7 Ra2+
72.Kd1 Kc3 73.Rc8 Rxa7 74.Rxc6+ Kd3 75.Ke1 e4 76.Rh6 Ra1+ 77.Kf2 e3+ 78.Kf3 Rf1+
79.Kg2 Rf7 80.Rd6+ Ke2 81.Re6 Rg7+ 82.Kh2 Kf2 83.Rf6+ Ke1 84.Re6 e2 85.Re8 Rd7  0-1

[Event "Jersey Masters 2013"]
[Site "St Clement Bay JCI"]
[Date "2013.03.09"]
[Round "6"]
[White "Pleasants,A"]
[Black "Simons,M"]
[Result "1/2-1/2"]
[WhiteElo "2039"]
[BlackElo "2159"]

1.e4 d6 2.d4 Nf6 3.Nc3 e5 4.Nf3 Nbd7 5.Bc4 Be7 6.Ng5 O-O 7.Bxf7+ Rxf7 8.Ne6 Qe8
9.Nxc7 Qd8 10.Nxa8 b6  1/2-1/2

[Event "TCh-AUT 2 East 2012-13"]
[Site "Austria AUT"]
[Date "2013.03.10"]
[Round "9.3"]
[White "Weinzettl,E"]
[Black "Krpelan,W"]
[Result "1/2-1/2"]
[WhiteElo "2257"]
[BlackElo "2246"]

1.e4 d6 2.d4 Nf6 3.Nc3 e5 4.Nge2 Be7 5.g3 O-O 6.Bg2 c6 7.a4 Na6 8.O-O Nb4
9.h3 a5 10.Be3 h6 11.Qd2 c5 12.d5 Nh7 13.Nb5 f5 14.c3 Na6 15.exf5 Bxf5 16.g4 Bc8
17.f4 Bf6 18.fxe5 Bxe5 19.Rxf8+ Nxf8 20.Nf4 Nc7 21.Nxc7 Qxc7 22.Rf1 Qe7 23.Nd3 Bf6
24.Re1 Qf7 25.Bf4 Be7 26.Rf1 Qe8 27.Qe3 Bd7 28.b3 Ng6 29.Bg3 Bf8 30.Be4 Rd8
31.Qf3 Bc8 32.Re1 Ne5 33.Nxe5 dxe5 34.Bd3 g6 35.Rxe5 Qf7 36.Re3 Bd6 37.Qxf7+ Kxf7
38.Rf3+ Kg7 39.Bxd6 Rxd6 40.c4 Rd8 41.Kf2 Re8 42.Rf4 Bd7 43.Kf3 g5 44.Re4 Kf6
45.Rxe8 Bxe8 46.Bf5 Ke5 47.Ke3 b6  1/2-1/2

[Event "TCh-DEN XtraCon 2012-13"]
[Site "Denmark DEN"]
[Date "2013.03.10"]
[Round "9.8"]
[White "Rasmussen,He1"]
[Black "Hoiberg,N"]
[Result "1-0"]
[WhiteElo "2170"]
[BlackElo "2196"]

1.d4 d6 2.e4 Nf6 3.Nc3 e5 4.Bg5 c6 5.Bc4 Be7 6.Nf3 Qc7 7.h3 Nbd7 8.O-O Nf8
9.Bh4 Ng6 10.Bg3 b5 11.Bd3 O-O 12.Ne2 Nh5 13.Bh2 Bd7 14.c4 bxc4 15.Bxc4 Kh8
16.Rc1 f5 17.dxe5 dxe5 18.Ned4 f4 19.Ne6 Bxe6 20.Bxe6 Rad8 21.Qe2 Qd6 22.Bf5 Qf6
23.Bg4 Nh4 24.Nxh4 Qxh4 25.Bxh5 Rd6 26.Bg4 Rg6 27.Qf3 c5 28.Kh1 Rb6 29.b3 Qf6
30.g3 g6 31.gxf4 exf4 32.Qc3 Rb4 33.Qxf6+ Rxf6 34.e5 Ra6 35.Rc4 Rxc4 36.bxc4 g5
37.Ra1 Bf8 38.a4 Kg7 39.f3 Kf7 40.h4 Bg7 41.e6+ Ke7 42.Rb1  1-0

[Event "TCh-DEN XtraCon 2012-13"]
[Site "Denmark DEN"]
[Date "2013.03.10"]
[Round "9.5"]
[White "Haubro,M"]
[Black "Schou Moldt,T"]
[Result "1-0"]
[WhiteElo "2151"]
[BlackElo "2226"]

1.e4 d6 2.d4 Nf6 3.Nc3 c6 4.Bg5 Nbd7 5.Nf3 Qc7 6.a4 h6 7.Bh4 Qa5 8.Qd2 e5
9.Be2 Be7 10.O-O g5 11.Bg3 Nh5 12.Kh1 Ng7 13.b4 Qc7 14.Bc4 Bf6 15.d5 c5 16.Nb5 Qb8
17.bxc5 Nxc5 18.Qe3 Nd7 19.Be2 a6 20.Na3 Qa7 21.Qd2 Qc5 22.Ne1 Be7 23.Nd3 Qc7
24.c4 h5 25.f3 h4 26.Bf2 Nc5 27.Nxc5 dxc5 28.Rfd1 Rh6 29.Nc2 Rd6 30.a5 Bd7
31.Ne1 Rd8 32.Rdb1 Bc8 33.Rb3 Kf8 34.Rab1 Ne8 35.Nd3 Rg6 36.Rb6 Rxb6 37.axb6 Qd6
38.Bxc5 Qf6 39.Bxe7+ Qxe7 40.Qc3 f6 41.c5 Bd7 42.c6 Rc8 43.c7 Nd6 44.Nc5 h3
45.g4 Qh7 46.Qe3 Ke8 47.Kg1 Ra8 48.Qa3 Qe7 49.Nxd7 Qxd7 50.Bd1 Ke7 51.Ba4 Qc8
52.Bc6 a5 53.Rc1 a4 54.Bxb7 Qxb7 55.Rc6  1-0

[Event "13th European Seniors"]
[Site "Plovdiv BUL"]
[Date "2013.03.11"]
[Round "1"]
[White "Angelov,K"]
[Black "Zachariassen,J"]
[Result "1-0"]
[WhiteElo "2206"]
[BlackElo "1911"]

1.e4 d6 2.d4 Nf6 3.Nc3 Nbd7 4.f4 c5 5.Nf3 cxd4 6.Nxd4 Qa5 7.Bd3 Nc5 8.O-O Nxd3
9.Qxd3 Bd7 10.b4 Qb6 11.e5 Bf5 12.Qb5+  1-0

[Event "UTD Turner GM Invitational 2013"]
[Site "Richardson USA"]
[Date "2013.03.11"]
[Round "7"]
[White "Xiong,Jeffrey"]
[Black "Zherebukh,Y"]
[Result "0-1"]
[WhiteElo "2330"]
[BlackElo "2623"]

1.e4 d6 2.d4 Nf6 3.Nc3 e5 4.Nge2 Be7 5.g3 Bg4 6.dxe5 dxe5 7.Qxd8+ Bxd8 8.Bg2 c6
9.h3 Be6 10.f4 Nfd7 11.f5 Bc4 12.Be3 f6 13.Kf2 b5 14.b3 Bf7 15.Rhd1 a5 16.Bf1 a4
17.Rab1 Be7 18.Nc1 a3 19.Nd3 Na6 20.Rd2 Ndc5 21.Nxc5 Nxc5 22.Kf3 g6 23.Nxb5 cxb5
24.Bxb5+ Kf8 25.Bh6+ Kg8 26.g4 Bf8 27.Bxf8 Kxf8 28.c4 Kg7 29.b4 Na4 30.Rb3 Nb2
31.Rc3 h5 32.Rd7 hxg4+ 33.Kxg4 Rhd8 34.Rxd8 Rxd8 35.c5 Nd1 36.Rxa3 Rd4 37.Bc6 Rxb4
38.fxg6 Bxg6 39.Kf3 Rc4 40.Bd5 Rxc5 41.Ra7+ Kh6 42.Ra6 Nc3 43.Ba8 Rc8 44.Bb7 Rb8
45.Bc6 Rb4  0-1

[Event "Karpos Open 2013"]
[Site "Skopje MKD"]
[Date "2013.03.11"]
[Round "4.89"]
[White "Zemlicka,V"]
[Black "Antoniadou,P"]
[Result "1/2-1/2"]
[WhiteElo "2043"]
[BlackElo "1732"]

1.e4 d6 2.d4 Nf6 3.Nc3 Nbd7 4.Be3 e5 5.Bc4 Be7 6.f3 c6 7.a4 Qa5 8.Ne2 O-O
9.O-O Qc7 10.Bb3 b6 11.Ng3 Rd8 12.Nf5 Bf8 13.Qe2 Bb7 14.Qf2 exd4 15.Qg3 Ne5
16.Bxd4 g6 17.f4 c5 18.fxe5 cxd4 19.Nb5 Nxe4 20.Qh4 Qc5 21.Bxf7+ Kh8 22.Bxg6 Rd7
23.Nbxd6 Nxd6 24.Nxd6 Bxd6 25.exd6 d3+ 26.Rf2 Rg7 27.Be4 dxc2 28.Rc1 Qe3
29.Qf4 Qxe4 30.Qd2 Rd8 31.Rxc2 Qxa4 32.Qc3 Qg4 33.Rf7 Be4 34.Rcf2 Rg8 35.d7 Bd5
36.Rxg7 Qxg7 37.Qxg7+ Kxg7 38.Rd2 Rd8 39.Rxd5 Kf6  1/2-1/2

[Event "Karpos Open 2013"]
[Site "Skopje MKD"]
[Date "2013.03.12"]
[Round "5.4"]
[White "Nabaty,T"]
[Black "Ivanisevic,I"]
[Result "1/2-1/2"]
[WhiteElo "2566"]
[BlackElo "2644"]

1.e4 d6 2.d4 Nf6 3.Nc3 e5 4.dxe5 dxe5 5.Qxd8+ Kxd8 6.Bc4 Ke8 7.Nf3 Bd6 8.Bg5 Nbd7
9.O-O-O a6 10.h3 b5 11.Bb3 h6 12.Bh4 Kf8 13.Rhe1 Rb8 14.a4 g6 15.axb5 axb5
16.Nd5 Kg7 17.c3 Re8 18.Kc2 Nxd5 19.Bxd5 b4 20.Nd2 bxc3 21.bxc3 Nc5 22.Nc4 Bd7
23.Nxd6 cxd6 24.Rb1 g5 25.Bg3 f5 26.f3 fxe4 27.fxe4 Ba4+ 28.Kd2 Bb3 29.Bxb3 Nxb3+
30.Kc2 Nc5 31.Rxb8 Rxb8 32.Bf2 Na4 33.Kd3 Rc8 34.Rc1 Kf6 35.Rc2 Ke6 36.Be3 Rc7
37.Kd2 Rc4 38.Kd3 d5 39.exd5+ Kxd5 40.g4 e4+ 41.Kd2 Rc6 42.Bd4 Nb6 43.Bxb6 Rxb6
44.Ke3 Rb3 45.Rc1 Ke5 46.Rc2 Rb1 47.Ra2 Re1+ 48.Kf2 Rc1 49.Ra5+ Ke6 50.Ra6+ Kd5
51.Ra5+ Kc4 52.Ra4+ Kd5  1/2-1/2

[Event "Karpos Open 2013"]
[Site "Skopje MKD"]
[Date "2013.03.12"]
[Round "5.2"]
[White "Smirin,I"]
[Black "Markus,Rob"]
[Result "1/2-1/2"]
[WhiteElo "2659"]
[BlackElo "2605"]

1.e4 d6 2.d4 Nf6 3.Nc3 e5 4.Nf3 Nbd7 5.Bc4 Be7 6.O-O Nb6 7.Bd3 Nfd7 8.Re1 O-O
9.Bf1 c6 10.a4 a5 11.Be3 exd4 12.Qxd4 Nc5 13.Rad1 Re8 14.h3 Bf8 15.b3 h6
16.Qd2 Nbd7 17.Bf4 Qf6 18.Bg3 Ne5 19.Nd4 g5 20.Re3 h5 21.Bxe5 dxe5 22.Rf3 Qg6
23.Bc4 Ne6 24.Nxe6 Bxe6 25.Bxe6 fxe6 26.Ne2 Be7 27.Qc3 g4 28.Rfd3 Qxe4 29.Ng3 Qg6
30.hxg4 h4 31.Nh5 Qxg4 32.Qxe5 Rad8 33.Kh2 Rxd3 34.Rxd3 Rf8 35.Rd4 Qg6 36.Qe2 Rf5
37.g4 hxg3+ 38.Nxg3 Rf7 39.Rg4 Rxf2+ 40.Kh3 Rxe2 41.Rxg6+ Kf7 42.Nxe2 Kxg6
43.Kg4 Bd6 44.Kf3 Kf5 45.Ke3 Be5  1/2-1/2

[Event "Karpos Open 2013"]
[Site "Skopje MKD"]
[Date "2013.03.12"]
[Round "5.21"]
[White "Zawadzka,J"]
[Black "Damljanovic,B"]
[Result "1-0"]
[WhiteElo "2374"]
[BlackElo "2562"]

1.e4 d6 2.d4 Nf6 3.Nc3 e5 4.Nf3 Nbd7 5.Bc4 Be7 6.O-O Nb6 7.Be2 exd4 8.Nxd4 O-O
9.a4 a5 10.Re1 Re8 11.h3 Bf8 12.Bf1 c6 13.Bg5 Nbd7 14.Nb3 h6 15.Bh4 Qb6 16.Bg3 Ne5
17.Qd4 Qb4 18.Kh1 Be6 19.Na2 Qxd4 20.Nxd4 Bxa2 21.Rxa2 Ned7 22.f3 d5 23.e5 Nh7
24.Bh2 g5 25.Nf5 Bg7 26.c4 Bxe5 27.cxd5 Bxh2 28.Rxe8+ Rxe8 29.Kxh2 cxd5 30.Bb5 Nhf6
31.Nxh6+ Kf8 32.Ra1 Rd8 33.Nf5 Ne8 34.Rc1 Ndf6 35.Kg3 Nd6 36.Nd4 Kg7 37.Rc7 Kh6
38.Kf2 Nh5 39.g3 Nf6 40.Bd3 Rd7 41.Rc5 Rd8 42.Rxa5 Rc8 43.Nf5+ Nxf5 44.Bxf5 Rc7
45.b4 Kg7 46.Rc5 Re7 47.a5 d4 48.Rc4 Re5 49.Bd3 Rd5 50.Rc7 Nd7 51.Rxb7 Ne5
52.Ke2 Rd8 53.a6 Re8 54.Bb5 Rc8 55.a7 Rc2+ 56.Kd1 Ra2 57.f4 gxf4 58.gxf4 Ra1+
59.Kc2 d3+ 60.Bxd3 Nc6 61.Kb2 Rxa7 62.Rxa7 Nxa7 63.Kc3 Kf6 64.Kd4 Nc6+ 65.Kc5 Nd8
66.Kd6 Ne6 67.b5  1-0

[Event "UTD Turner GM Invitational 2013"]
[Site "Richardson USA"]
[Date "2013.03.13"]
[Round "9"]
[White "Sevian,Samuel"]
[Black "Zherebukh,Y"]
[Result "0-1"]
[WhiteElo "2373"]
[BlackElo "2623"]

1.e4 d6 2.d4 Nf6 3.Nc3 e5 4.Nf3 Nbd7 5.Bc4 Be7 6.O-O O-O 7.Re1 c6 8.a4 a5
9.h3 h6 10.Bf1 Re8 11.b3 Qc7 12.Bb2 Nf8 13.Qd2 Ng6 14.Rad1 Be6 15.Qc1 Rad8
16.g3 Qc8 17.Kh2 Nh7 18.Ne2 d5 19.Nxe5 Nxe5 20.dxe5 Ng5 21.Ng1 Bb4 22.Re3 dxe4
23.Bc3 Rxd1 24.Qxd1 Bxc3 25.Rxc3 Bd5 26.h4 Nh7 27.Qd4 Qf5 28.Bh3 Qxe5 29.Qxe5 Rxe5
30.Ne2 b6 31.Nf4 c5 32.Re3 Nf6 33.g4 g5 34.hxg5 hxg5 35.Ne2 Be6 36.f3 Rd5
37.Kg3 Rd2 38.c4 exf3 39.Kxf3 Kf8 40.Nc3 Rd4 41.Nb5 Rf4+ 42.Kg3 Bxg4 43.Bxg4 Rxg4+
44.Kf3 Rf4+ 45.Kg2 Ne4 46.Nc7 Nf6 47.Na8 Nd7 48.Nc7 Rd4 49.Re8+ Kg7 50.Re7 Kf6
51.Re2 Rd3 52.Nd5+ Kg6 53.Re7 Nf6 54.Nxb6 Rxb3 55.Nc8 Nh5 56.Nd6 Nf4+ 57.Kg1 f6
58.Re4 Rb4 59.Nb5 Rxa4  0-1

[Event "13th European Seniors"]
[Site "Plovdiv BUL"]
[Date "2013.03.14"]
[Round "4"]
[White "Birkestrand,O"]
[Black "Zachariassen,J"]
[Result "0-1"]
[WhiteElo "1797"]
[BlackElo "1911"]

1.e4 d6 2.d4 Nf6 3.Nc3 Nbd7 4.Nf3 e5 5.dxe5 dxe5 6.a3 Be7 7.Be3 O-O 8.Be2 c6
9.O-O Qc7 10.Qe1 Nc5 11.Nd2 Ne6 12.Nb3 Rd8 13.Rd1 Re8 14.Qd2 a5 15.Na4 c5
16.f3 Nd4 17.Bxd4 cxd4 18.Bb5 Rd8 19.Qd3 Be6 20.Nd2 Rac8 21.Rc1 Nh5 22.g3 Bg5
23.Rfd1 Qe7 24.Nb6 Rc5 25.Bc4 Be3+ 26.Kg2 Qg5 27.Bxe6 Nf4+  0-1

[Event "Karpos Open 2013"]
[Site "Skopje MKD"]
[Date "2013.03.14"]
[Round "7.6"]
[White "Djukic,Ni"]
[Black "Ivanisevic,I"]
[Result "1/2-1/2"]
[WhiteElo "2545"]
[BlackElo "2644"]

1.e4 d6 2.d4 Nf6 3.Nc3 e5 4.Nf3 Nbd7 5.Bc4 exd4 6.Qxd4 Be7 7.O-O O-O 8.Re1 a6
9.a4 Ne5 10.Nxe5 dxe5 11.Qxd8 Rxd8 12.Nd5 Nxd5 13.Bxd5 a5 14.Be3 Kf8 15.f3 Ra6
16.Rad1 Rad6 17.Rd3 b6 18.Bc4 Rxd3 19.Bxd3 Be6 20.Rd1 Bc5 21.Kf2 Bxe3+ 22.Kxe3 Rd4
23.b3 Ke7 24.f4 f6 25.fxe5 fxe5 26.Rf1 c6 27.Rb1 Rb4 28.Be2 b5 29.axb5 cxb5
30.Ra1 a4 31.bxa4 Rxa4 32.Rb1 b4 33.Bb5 Ra3+ 34.Bd3 b3 35.cxb3 Bxb3 36.Rc1 Ra2
37.Rc7+ Kf6 38.Be2 Rc2  1/2-1/2

[Event "13th European Seniors"]
[Site "Plovdiv BUL"]
[Date "2013.03.15"]
[Round "5"]
[White "Ilchev,P"]
[Black "Belokopyt,B"]
[Result "1-0"]
[WhiteElo "2112"]
[BlackElo "1959"]

1.e4 d6 2.d4 Nf6 3.Nc3 c6 4.Be3 Nbd7 5.Qd2 e5 6.f3 Be7 7.O-O-O O-O 8.Kb1 b5
9.a3 a5 10.a4 bxa4 11.Nxa4 exd4 12.Bxd4 c5 13.Bc3 Bb7 14.Bc4 Qc7 15.b3 Bc6
16.Ne2 Rfb8 17.Ka2 Bxa4 18.bxa4 Rb4 19.Bb5 Nb6 20.Bxb4 axb4 21.c4 Nxa4 22.Kb3 Nb6
23.Ra1 Rb8 24.Nf4 h6 25.Ra6 g5 26.Nd5 Nbxd5 27.exd5 Rxb5 28.cxb5 c4+ 29.Kxb4 Qc5+
30.Ka4 Nxd5 31.Rd1 Nb6+ 32.Rxb6 Qxb6 33.Qd4 Qc7 34.Rc1 d5 35.b6 Qc6+ 36.Ka5 Bc5
37.Qb2 Qb7 38.Qb5 Qa8+ 39.Qa6 Qd8 40.Kb5 Bd6 41.b7 Qf6 42.b8=Q+  1-0

[Event "Karpos Open 2013"]
[Site "Skopje MKD"]
[Date "2013.03.15"]
[Round "8.95"]
[White "Nikolovska,D"]
[Black "Milanovic,Ma"]
[Result "0-1"]
[WhiteElo "1821"]
[BlackElo "1952"]

1.d4 Nf6 2.Nc3 d6 3.e4 Nbd7 4.Nf3 e5 5.g4 Nxg4 6.Rg1 exd4 7.Nxd4 Nge5 8.h3 Nf6
9.f4 Ng6 10.Be3 Bd7 11.Qd2 Qe7 12.O-O-O O-O-O 13.Ncb5 a6 14.Na7+ Kb8 15.Bxa6 Qxe4
16.Bd3 Qd5 17.c4 Qh5 18.Rg5 Qxh3 19.Bf1 Qh4 20.Qa5 Nxf4 21.Nc8 c5 22.Qxd8 Qxg5
23.Nxd6+ Ka7 24.Qa5+ Kb8 25.Qd8+ Ka7 26.Qc7 Bxd6 27.Qxd6 Ne2+ 28.Nxe2 Qxe3+
29.Kb1 Bf5+ 30.Ka1 Re8 31.Nc3 Bd7 32.Bg2 Qe5 33.Qd2 Qc7 34.Qg5 Rg8 35.Nb5+ Bxb5
36.cxb5 h6 37.Qe3 Re8 38.Qa3+ Kb8 39.Qa4 Rd8 40.Rc1 Qb6 41.a3 Qd6 42.Qa5 Qd2
43.Rc3 Qe1+ 44.Ka2 Qe6+ 45.Rb3 Rd3 46.Qa4 Rxb3 47.Qxb3 Qxb3+ 48.Kxb3 b6 49.Kc4 g5
50.a4 h5 51.Kd3 h4 52.Ke3 Ng4+ 53.Ke4 f5+ 54.Kf3 Ne5+ 55.Ke3 Nc4+  0-1

[Event "TCh-SWE Elite 2012-13"]
[Site "Sweden SWE"]
[Date "2013.03.15"]
[Round "7"]
[White "Tukhaev,A"]
[Black "Fries Nielsen,NJ"]
[Result "1-0"]
[WhiteElo "2524"]
[BlackElo "2313"]

1.e4 d6 2.d4 Nf6 3.Nc3 Nbd7 4.g4 h6 5.h3 e5 6.Nf3 c6 7.a4 Qa5 8.Bd2 exd4
9.Nxd4 Qe5 10.Be3 Nxe4 11.Nxe4 Qxe4 12.Rg1 Be7 13.Nf5 Ne5 14.Bg2 Qb4+ 15.Bd2 Qxb2
16.Rb1 Qa2 17.Nxe7 Kxe7 18.f4 Ng6 19.Kf2 Rd8 20.Re1+ Kf8 21.Ba5 Rd7 22.Rb4 d5
23.Rd4 Kg8 24.Re8+ Kh7 25.f5 b6 26.fxg6+ fxg6 27.Rf4 Bb7 28.Rxa8 Bxa8 29.Bc3 c5
30.h4 Qa3 31.Qd3 d4 32.h5 Qxc3 33.hxg6+ Kg8 34.Qxc3 dxc3 35.Bxa8 Rd6 36.Be4 Rd4
37.Ke3 a6 38.Bd3  1-0

[Event "TCh-CAT Div Hon 2013"]
[Site "Catalonia ESP"]
[Date "2013.03.16"]
[Round "9.1"]
[White "Kogan,Ar"]
[Black "Alonso Rosell,A"]
[Result "1-0"]
[WhiteElo "2571"]
[BlackElo "2552"]

1.e4 d6 2.d4 Nf6 3.Nc3 e5 4.Nf3 Nbd7 5.Bc4 Be7 6.O-O O-O 7.a4 a5 8.b3 c6
9.Bb2 Qc7 10.Re1 Nb6 11.Be2 Re8 12.Qd2 Bf8 13.h3 Nbd7 14.Bd3 exd4 15.Nxd4 Nc5
16.Qf4 Nxd3 17.cxd3 Qb6 18.Nce2 Nd7 19.Qg3 Ne5 20.f4 f6 21.Kh1 Nf7 22.f5 d5
23.exd5 cxd5 24.Nf4 Bd7 25.Nde6 Nh6 26.Nxd5 Nxf5 27.Qg4 Rxe6 28.Nxb6 Rxb6
29.Qc4+ Kh8 30.Ba3 Nd6 31.Qd4 Rba6 32.Rac1 Bc6 33.Kh2 Nf5 34.Qb2 Nd6 35.Bc5 Bd5
36.Re2 Bf7 37.Rc3 Kg8 38.Ba3 Rb6 39.Qc2 Bd5 40.Kg1 Bc6 41.d4 Rd8 42.Bc5 Ra6
43.Rce3 Raa8 44.h4 Rac8 45.b4 Bd5 46.bxa5 Nc4 47.Rg3 Nd6 48.Qb1 Ra8 49.h5 h6
50.Qg6 Rd7 51.Qxf6 Rf7 52.Qe5 Nf5 53.Qxd5 Nxg3 54.Rf2  1-0

[Event "TCh-CAT Div Hon 2013"]
[Site "Catalonia ESP"]
[Date "2013.03.16"]
[Round "9.8"]
[White "Gonzalez Hernandez,F"]
[Black "Van Hasselt,F"]
[Result "1-0"]
[WhiteElo "2086"]
[BlackElo "2248"]

1.e4 d6 2.d4 Nf6 3.Nc3 c6 4.a4 Nbd7 5.Nf3 e5 6.Bc4 Be7 7.O-O O-O 8.Re1 Qc7
9.h3 b6 10.d5 c5 11.Nh2 Re8 12.a5 bxa5 13.Nb5 Qb7 14.Bf1 a6 15.Na3 Nb6 16.Nc4 Nxc4
17.Bxc4 Bd7 18.b3 Bb5 19.Qe2 Bxc4 20.Qxc4 Qb5 21.Qc3 Bd8 22.Nf1 Bb6 23.Nd2 Qb4
24.Bb2 Qd4 25.Nc4 Bc7 26.Qf3  1-0

[Event "Minnesota Closed 2013"]
[Site "Minneapolis USA"]
[Date "2013.03.16"]
[Round "2"]
[White "Riester,Scott M"]
[Black "Amarasinghe,P"]
[Result "1/2-1/2"]
[WhiteElo "2275"]
[BlackElo "2085"]

1.d4 d6 2.e4 Nf6 3.Nc3 c6 4.Be3 Qa5 5.Qd2 Ng4 6.Bg5 c5 7.d5 h6 8.Bh4 g5 9.Bg3 Bg7
10.h4 Qb4 11.Nge2 gxh4 12.Rxh4 Bf6 13.Rh5 Nd7 14.f3 Nge5 15.b3 Rg8 16.Bf4 b6
17.Rd1 Ng6 18.Be3 Nde5 19.Kf2 Ba6 20.g3 O-O-O 21.Nb1 Qxd2 22.Nxd2 Kc7 23.Bh3 Nh8
24.Rg1 Neg6 25.Rxh6 Rde8 26.Rh7 Nf8 27.Rh5 Nhg6 28.f4 Nd7 29.Bxd7 Kxd7 30.Nf3 Rh8
31.Rgh1 Rxh5 32.Rxh5 Rh8 33.Rxh8 Bxh8 34.Ng5 Ke8 35.g4 Bf6 36.Nf3 Kd7 37.g5 Bb2
38.Ng3 Ke8 39.Bd2 Bg7 40.Nh5 Bh8 41.f5 Ne5 42.f6 exf6 43.Nxe5 fxe5 44.Ng3 Bg7
45.Nf5 Bf8 46.b4 Be7 47.bxc5 bxc5 48.Nxe7  1/2-1/2

[Event "Bundesliga 2012-13"]
[Site "Muelheim GER"]
[Date "2013.03.16"]
[Round "11"]
[White "Saltaev,M"]
[Black "Thinius,M"]
[Result "1/2-1/2"]
[WhiteElo "2479"]
[BlackElo "2361"]

1.e4 d6 2.d4 Nf6 3.Nc3 e5 4.dxe5 dxe5 5.Qxd8+ Kxd8 6.Bc4 Ke8 7.f3 c6 8.h4 Nbd7
9.Nh3 Nb6 10.Bb3 Bxh3 11.Rxh3 Nfd7 12.a3 a5 13.Bd2 a4 14.Ba2 Bc5 15.h5 Nf8
16.O-O-O Ne6 17.g3 Ke7 18.f4 Rad8 19.Rf1 Bd4 20.Rh4 h6 21.Rg4 Rh7 22.Rh4 Rhh8
23.Nd1 Nc8 24.c3 Bb6 25.fxe5 Bc7 26.Bf4 Bb6 27.Ne3 Bxe3+ 28.Bxe3 Rd3 29.Re1 Ng5
30.Bc4 Rxe3 31.Rxe3 Nb6 32.Ba2 Nd7 33.Rh1 Nxe5 34.Rd1 Nh7 35.Rf1 Ng5 36.Rf5 f6
37.Rf1 Ra8 38.Kc2 Nh7 39.Re2 Ng5 40.Rd1 Ngf3 41.Re3 Ng5 42.Rd4 b5 43.Rd1 Rb8
44.b3 axb3+ 45.Bxb3 Ra8 46.Kb2 Ne6 47.Ra1 Nc5 48.Kc2 Kd6 49.Re2 Kc7 50.Kb2 Rd8
51.Bc2 Nc4+ 52.Kc1 Ra8 53.Re1 Kd6 54.Rd1+ Ke5 55.Rd4 Nxa3 56.Rd1 Ke6 57.Rd2 Ke5
58.Ra2 Ke6 59.Kd1 Ke7 60.Ke2 Ra6 61.Ra1 Ke6 62.Kd1 Ke7 63.Ra2 Nd7 64.Ke2 Nc5
65.Ra1 Ke6 66.Ra2 Ke7 67.Ra1  1/2-1/2